000 00654nam a2200253Ia 4500
005 20260121154945.0
008 008 260114s9999 xx 000 0 eng d
020 _a9781003057857
037 _aEBOOK
040 _aCRL
040 _beng
040 _cCRL
041 _2eng
041 _aeng
084 _qCRL
100 _a Rhiannon Davies; Lorana Bartels
_91013598
245 4 _aThe Use of Victim Impact Statements in Sentencing for Sexual Offences
260 _bTaylor and Francis
260 _c2021
856 _uhttp://www.taylorfrancis.com/books/9781003057857
942 _cEBOOK
999 _c1580417
_d1580417